| 000 | 00000nam##2200000za#4500 |
| 001 | 9.575652 |
| 003 | CaOODSP |
| 005 | 20210624184751 |
| 007 | cr ||||||||||| |
| 008 | 150406|2008||||xxc|||||o f|0| 0 eng|d |
| 040 | |aCaOODSP|beng |
| 043 | |an-cn--- |
| 086 | 1 |aTU3-5/08-44E-PDF |
| 110 | 2 |aTransportation Safety Board of Canada. |
| 245 | 10|aControlled flight into terrain - Summit Air Charters Limited Dornier 228-202 C-FYEV Cambridge Bay, Nunavut, 13 December 2008 |h[electronic resource] |
| 260 | |aGatineau - Quebec : |bTransportation Safety Board of Canada |c[2008]. |
| 300 | |a18p.|bgraph, references |
| 490 | 1 |aAviation investigation report |vA08W0244 |
| 590 | |a13-02-Supp|b2013-01-11 |
| 775 | 08|tImpact sans perte de contrôle du Dornier 228-202 C-FYEV exploité par Summit Air Charters Limited à Cambridge Bay (Nunavut), le 13 décembre 2008 |w(CaOODSP)9.605146 |
| 830 | #0|aAviation investigation report ;|vA08W0244|w(CaOODSP)9.504825 |
| 856 | 40|ahttp://publications.gc.ca|qPDF|s576 KB|uhttps://publications.gc.ca/collections/collection_2012/bst-tsb/TU3-5-08-44-eng.pdf|yA08W0244 |